[Event "Niedersachsen-ch B"]
[Site "Verden"]
[Date "2010.01.05"]
[Round "5.18"]
[White "Zucker, Stefan"]
[Black "Lossin, Sven Hendrik"]
[Result "0-1"]
[WhiteElo "2015"]
[BlackElo "2067"]
[PlyCount "72"]
[EventDate "2010.01.??"]
[EventType "swiss"]
[EventRounds "7"]
[EventCountry "GER"]
[SourceDate "2005.10.24"]

1. g3 g6 2. c4 Bg7 3. Bg2 e5 4. Nc3 d6 5. Nf3 f5 6. O-O Nh6 7. d4 e4 8. Ng5 Nc6
9. d5 Ne5 10. Ne6 Bxe6 11. dxe6 c6 12. Qb3 Qb6 13. Bg5 Nhg4 14. h3 Nf6 15. Rfd1
O-O-O 16. Be3 Qa5 17. Rd4 c5 18. Rd5 Nxd5 19. cxd5 h6 20. Nb5 c4 21. Rc1 Kb8
22. Qa3 Qxb5 23. Bxa7+ Kc8 24. f4 exf3 25. exf3 Qa6 26. Qe3 b6 27. f4 Qxa7 28.
fxe5 Bxe5 29. Rxc4+ Kb7 30. Kh2 Rc8 31. Rc6 Rxc6 32. dxc6+ Kc7 33. e7 Re8 34.
Qxh6 Rxe7 35. Qf8 Rg7 36. Bd5 Qb8 0-1

[Event "Niedersachsen-ch B"]
[Site "Verden"]
[Date "2010.01.05"]
[Round "5.19"]
[White "Kaiser, Jonas"]
[Black "Thumulka, Patrick"]
[Result "1/2-1/2"]
[WhiteElo "1939"]
[BlackElo "1892"]
[PlyCount "31"]
[EventDate "2010.01.??"]
[EventType "swiss"]
[EventRounds "7"]
[EventCountry "GER"]
[SourceDate "2005.10.24"]

1. d4 d5 2. c4 c6 3. e3 Nf6 4. Nf3 Bf5 5. Nc3 e6 6. Be2 Bd6 7. O-O O-O 8. Nh4
Bg6 9. Nxg6 hxg6 10. Bd2 Nbd7 11. Qb3 Qb6 12. Rfc1 Qxb3 13. axb3 a6 14. Bf3
Rfe8 15. g3 Rac8 16. Bg2 1/2-1/2

[Event "Niedersachsen-ch B"]
[Site "Verden"]
[Date "2010.01.05"]
[Round "5.20"]
[White "Davydov, Mihail"]
[Black "Tennert, Simon"]
[Result "0-1"]
[WhiteElo "2061"]
[BlackElo "1993"]
[PlyCount "106"]
[EventDate "2010.01.??"]
[EventType "swiss"]
[EventRounds "7"]
[EventCountry "GER"]
[SourceDate "2005.10.24"]

1. e4 e5 2. Nf3 Nc6 3. d4 exd4 4. Nxd4 Nf6 5. Nxc6 bxc6 6. e5 Qe7 7. Qe2 Nd5 8.
c4 Ba6 9. Nd2 g6 10. b3 Bg7 11. Bb2 Nb4 12. Nf3 c5 13. g3 d5 14. Bg2 O-O 15.
O-O Rad8 16. Nd2 Nc2 17. Rac1 Nd4 18. Bxd4 cxd4 19. f4 dxc4 20. Nxc4 f6 21. Qe4
Bxc4 22. Rxc4 {(=)} fxe5 23. Re1 Rfe8 24. Qc6 d3 25. Qxc7 Qxc7 26. Rxc7 e4 27.
Kf1 Bd4 28. Rxe4 Rxe4 29. Bxe4 d2 30. Bf3 Bb6 31. Rc2 d1=Q+ 32. Bxd1 Rxd1+ 33.
Ke2 Rd5 34. Kf3 Kf7 35. Ke4 Ke6 36. Rc6+ Rd6 37. Rxd6+ Kxd6 38. g4 Ke6 39. b4
Bg1 40. h3 Bb6 41. a3 Bg1 42. a4 Bf2 43. b5 Bb6 44. h4 h5 45. f5+ gxf5+ 46.
gxf5+ Kf6 47. Kf4 Ba5 48. Ke4 Bc7 49. Kd5 Kxf5 50. Kc6 Bb6 51. Kb7 Kg4 52. Ka6
Kxh4 53. a5 Be3 0-1

[Event "Niedersachsen-ch B"]
[Site "Verden"]
[Date "2010.01.05"]
[Round "5.21"]
[White "Langer, Michael S"]
[Black "Pollmann, Sascha"]
[Result "1/2-1/2"]
[WhiteElo "1986"]
[BlackElo "2025"]
[PlyCount "54"]
[EventDate "2010.01.??"]
[EventType "swiss"]
[EventRounds "7"]
[EventCountry "GER"]
[SourceDate "2005.10.24"]

1. Nf3 e6 2. d4 f5 3. Bf4 Nf6 4. h3 b6 5. e3 Bb7 6. Nbd2 g6 7. c3 Bg7 8. Bd3
O-O 9. Qc2 d6 10. Bg5 Nbd7 11. O-O-O e5 12. dxe5 dxe5 13. Bc4+ Kh8 14. h4 Qe8
15. Bxf6 Rxf6 16. Nb3 a5 17. Qe2 a4 18. Nbd2 a3 19. b4 c5 20. b5 e4 21. Ng5 Ne5
22. h5 Nd3+ 23. Kc2 Qe5 24. Nb1 Bd5 25. f4 Qd6 26. Bxd3 {(=)} exd3+ 27. Qxd3
Rd8 1/2-1/2

[Event "Niedersachsen-ch B"]
[Site "Verden"]
[Date "2010.01.05"]
[Round "5.22"]
[White "Palmer, Harald"]
[Black "Finke, Harald"]
[Result "0-1"]
[WhiteElo "1878"]
[BlackElo "2011"]
[PlyCount "119"]
[EventDate "2010.01.??"]
[EventType "swiss"]
[EventRounds "7"]
[EventCountry "GER"]
[SourceDate "2005.10.24"]

1. e4 c6 2. d4 d5 3. exd5 cxd5 4. c4 Nf6 5. Nc3 e6 6. Nf3 Be7 7. c5 O-O 8. Bf4
b6 9. b4 a5 10. a3 axb4 11. axb4 Rxa1 12. Qxa1 Nc6 13. Qa3 bxc5 14. bxc5 Nh5
15. Bd2 Bb7 16. Be2 Qa8 17. Qxa8 Rxa8 18. O-O Nf6 19. Rb1 Nd8 20. Ne5 Ne4 21.
Nxe4 dxe4 22. Bb5 Bd5 23. Nd7 Bc6 24. Bxc6 Nxc6 25. Be3 Bf6 26. Nxf6+ gxf6 27.
Kf1 Ra4 28. Bh6 Ra8 29. Rd1 Rd8 30. Be3 Kf8 31. Rd2 Ke7 32. g3 Ra8 33. Rb2 Ra7
34. Rd2 Ra1+ {(=)} 35. Kg2 Ra7 36. d5 exd5 37. Rxd5 Ne5 38. Bd4 Nc6 39. Be3 Ne5
40. Bd4 Nf3 41. Be3 Ne5 42. h3 Rd7 43. Rxd7+ Kxd7 44. g4 Ke6 45. Kg3 f5 46. Bf4
Nc6 47. Bd6 fxg4 48. hxg4 f5 49. g5 Nd8 50. Bf4 Nc6 51. Kh4 Kf7 52. Kh5 Kg7 53.
Bd2 Ne7 54. Bc3+ Kg8 55. Bf6 Nc6 56. Kh6 f4 57. Kh5 e3 58. fxe3 f3 59. Kh6 f2
60. g6 0-1

[Event "Niedersachsen-ch B"]
[Site "Verden"]
[Date "2010.01.05"]
[Round "5.23"]
[White "Jacobi, Felix Hagen"]
[Black "Rux, Roland"]
[Result "1-0"]
[WhiteElo "1901"]
[BlackElo "1828"]
[PlyCount "41"]
[EventDate "2010.01.??"]
[EventType "swiss"]
[EventRounds "7"]
[EventCountry "GER"]
[SourceDate "2005.10.24"]

1. e4 d5 2. exd5 Nf6 3. d4 Bg4 4. f3 Bf5 5. Bc4 Nbd7 6. Ne2 Nb6 7. Bb3 Nbxd5 8.
Nbc3 e6 9. Nxd5 exd5 10. Bf4 Be7 11. Qd2 O-O 12. c3 Re8 13. O-O c6 14. Ng3 Bg6
15. Bc2 Bxc2 16. Qxc2 Bd6 17. Bxd6 Qxd6 18. Rae1 g6 19. Qd2 Kg7 20. Qg5 h6 21.
Nf5+ 1-0

[Event "Niedersachsen-ch B"]
[Site "Verden"]
[Date "2010.01.05"]
[Round "5.24"]
[White "Albrecht, Carsten"]
[Black "Hurink, Maarten"]
[Result "1/2-1/2"]
[WhiteElo "1948"]
[BlackElo "1846"]
[PlyCount "21"]
[EventDate "2010.01.??"]
[EventType "swiss"]
[EventRounds "7"]
[EventCountry "GER"]
[SourceDate "2005.10.24"]

1. d4 d5 2. Nf3 Nf6 3. e3 Bg4 4. c4 c6 5. Qb3 Qb6 6. c5 Qxb3 7. axb3 Nbd7 8.
Nbd2 g6 9. Bd3 Bg7 10. h3 Bxf3 11. Nxf3 1/2-1/2

[Event "Niedersachsen-ch B"]
[Site "Verden"]
[Date "2010.01.05"]
[Round "5.25"]
[White "Tenninger, Joerg"]
[Black "Kuegel, Tobias"]
[Result "1/2-1/2"]
[WhiteElo "1566"]
[BlackElo "1921"]
[PlyCount "72"]
[EventDate "2010.01.??"]
[EventType "swiss"]
[EventRounds "7"]
[EventCountry "GER"]
[SourceDate "2005.10.24"]

1. d4 d5 2. c4 c6 3. Nf3 Nf6 4. Nc3 Nbd7 5. e3 e6 6. a3 a6 7. b4 b5 8. cxd5
cxd5 9. Bd3 Be7 10. O-O Bb7 11. Bb2 O-O 12. Rc1 Rc8 13. Qb3 Nb6 14. a4 bxa4 15.
Nxa4 Nxa4 16. Qxa4 Qd7 17. Qb3 Rxc1 18. Rxc1 Qd6 19. Ba3 a5 20. Rc5 axb4 21.
Bxb4 Ba6 22. Ne5 Bxd3 23. Qxd3 Qb6 24. Rb5 Qa7 25. Bxe7 {(=)} Qxe7 26. h3 Nd7
27. Nxd7 Qxd7 28. Qb3 Qa7 29. Rb7 Qa1+ 30. Qb1 Qxb1+ 31. Rxb1 h6 32. g4 h5 33.
Kg2 hxg4 34. hxg4 g5 35. Kg3 Kg7 36. Rb7 Kg6 1/2-1/2

[Event "Niedersachsen-ch B"]
[Site "Verden"]
[Date "2010.01.05"]
[Round "5.26"]
[White "Heyne, Lukas"]
[Black "Oehne, Ingo"]
[Result "1-0"]
[WhiteElo "1810"]
[BlackElo "1900"]
[PlyCount "68"]
[EventDate "2010.01.??"]
[EventType "swiss"]
[EventRounds "7"]
[EventCountry "GER"]
[SourceDate "2005.10.24"]

1. e4 c6 2. d4 d5 3. e5 Bf5 4. Nc3 e6 5. g4 Bg6 6. Nge2 Qh4 7. Ng3 Bb4 8. Bd2
h5 9. h3 Rh7 10. a3 Ba5 11. b4 Bb6 12. Be3 Nd7 13. Bd3 Nxe5 14. dxe5 Bxe3 15.
Bxg6 fxg6 16. Qd3 Bxf2+ 17. Kxf2 Qg5 18. Qe3 Qd8 19. Nce2 Ne7 20. Nf4 Kd7 21.
Qc5 Qb6 22. Qxb6 axb6 23. Ke3 h4 24. Nge2 g5 25. Nd3 Rc8 26. Rhf1 c5 27. bxc5
bxc5 28. Rab1 Kc6 29. Rf7 Rc7 30. Rff1 b5 31. Rb3 Ng6 32. Rfb1 Rb7 33. Rc3 c4
34. Nd4+ Kd7 1-0

[Event "Niedersachsen-ch B"]
[Site "Verden"]
[Date "2010.01.05"]
[Round "5.27"]
[White "Kausche, Peter W"]
[Black "Belakhin, Alexander"]
[Result "0-1"]
[WhiteElo "1549"]
[BlackElo "1864"]
[PlyCount "86"]
[EventDate "2010.01.??"]
[EventType "swiss"]
[EventRounds "7"]
[EventCountry "GER"]
[SourceDate "2005.10.24"]

1. g3 Nf6 2. Bg2 d5 3. b3 Bf5 4. Bb2 e6 5. Nf3 h6 6. Nd4 Bg6 7. f4 Bc5 8. e3
Nbd7 9. c4 c6 10. Nf3 Bd3 11. Bf1 Bxf1 12. Rxf1 Qc7 13. Ne5 Bd6 14. Nxd7 Qxd7
15. Bxf6 gxf6 16. Nc3 Bb4 17. Ne2 dxc4 18. bxc4 O-O-O 19. Nd4 e5 20. Nb3 Qe7
21. Qc1 exf4 22. Rxf4 Qxe3+ 23. Kf1 Bxd2 24. Qc2 Rhe8 25. Qf5+ Kb8 26. Rf2 Bc3
27. Rb1 Be5 28. Na5 Ka8 29. Nxb7 Rb8 30. Re2 Qd4 31. Na5 Rxb1+ 32. Qxb1 Rb8 33.
Qc2 Qb6 34. Qa4 Rc8 35. a3 Qa6 36. Qb4 Rb8 37. Qc5 Rc8 38. Re1 Bc3 39. Re7 Bxa5
40. Rxf7 Bb6 41. Qb4 Re8 42. Rxf6 Qc8 43. Qd6 Qh3# 0-1

[Event "Niedersachsen-ch B"]
[Site "Verden"]
[Date "2010.01.05"]
[Round "5.28"]
[White "Dorn, Carina"]
[Black "Guede, Klaus"]
[Result "0-1"]
[WhiteElo "1867"]
[BlackElo "1764"]
[PlyCount "154"]
[EventDate "2010.01.??"]
[EventType "swiss"]
[EventRounds "7"]
[EventCountry "GER"]
[SourceDate "2005.10.24"]

1. d4 Nf6 2. c4 c5 3. d5 b5 4. cxb5 a6 5. bxa6 Bxa6 6. Nc3 d6 7. Nf3 g6 8. g3
Bg7 9. Bg2 O-O 10. O-O Nbd7 11. Rb1 Qa5 12. Bd2 Rfb8 13. Re1 Ra7 14. Qc2 Rab7
15. h3 Ne8 16. Na4 Qd8 17. e4 Bb5 18. Nc3 Bc4 19. b3 Ba6 20. Na4 Ne5 21. Nxe5
Bxe5 22. Bc3 Bg7 23. e5 c4 24. exd6 exd6 25. Bxg7 Nxg7 26. bxc4 Rxb1 27. Rxb1
Rxb1+ 28. Qxb1 Bxc4 29. Nb6 Ba6 30. a4 Nf5 31. a5 Nd4 32. Qe4 Nb3 {(=)} 33. Qa4
Nc5 34. Qc6 Bb7 35. Qb5 Ba6 36. Qb1 Bd3 37. Qd1 Qf6 38. Bf1 Qd4 39. Bxd3 Nxd3
40. Qe2 Qa1+ 41. Kh2 Qd4 42. Qe3 Qb2 43. Qxd3 Qxf2+ 44. Kh1 Qe1+ 45. Kg2 Qxa5
46. Qe3 Qb5 47. Kf3 Qf1+ 48. Ke4 Qb1+ 49. Kf3 Qf1+ 50. Qf2 Qxh3 51. Ke3 Qh6+
52. Qf4 g5 53. Qf5 Kg7 54. Nd7 g4+ 55. Qf4 Qg6 56. Qd4+ f6 57. Qf4 Qe8+ 58. Qe4
Qxd7 59. Kf4 {(=)} Kg8 60. Qc4 h5 61. Qe4 Qf7 62. Qf5 Kg7 63. Qe4 Qa7 64. Kf5
Qf2+ 65. Ke6 Qf3 66. Qe1 Qa3 67. Kd7 Qa7+ 68. Kxd6 Qb6+ 69. Ke7 Qc7+ 70. Ke6
Qd8 71. Qb4 Qc8+ 72. Kd6 Qf8+ 73. Kc7 Qxb4 74. d6 Qc5+ 75. Kd7 h4 76. Ke8 h3
77. d7 Qf8# 0-1

[Event "Niedersachsen-ch B"]
[Site "Verden"]
[Date "2010.01.05"]
[Round "5.29"]
[White "Stotyn, Fabian"]
[Black "Merettig, Georg"]
[Result "1/2-1/2"]
[WhiteElo "2052"]
[BlackElo "1958"]
[PlyCount "149"]
[EventDate "2010.01.??"]
[EventType "swiss"]
[EventRounds "7"]
[EventCountry "GER"]
[SourceDate "2005.10.24"]

1. e4 Nc6 2. Nf3 b6 3. d4 e6 4. c4 Bb7 5. Bd3 g6 6. O-O Bg7 7. Be3 Nf6 8. e5
Ng4 9. Bg5 f6 10. Bh4 g5 11. Nxg5 fxg5 12. Qxg4 Bxe5 {(=)} 13. dxe5 gxh4 14.
Qg7 Rf8 15. Bxh7 Qe7 16. Bg6+ Kd8 17. Qxe7+ Kxe7 18. f4 Nd4 19. Nc3 h3 {(=)}
20. g3 Nf3+ 21. Rxf3 Bxf3 22. Kf2 Bg4 23. Be4 Rac8 24. Bb7 Rb8 25. Bh1 a6 26.
Ne4 d6 27. exd6+ cxd6 28. Bf3 Bxf3 29. Kxf3 e5 30. Ng5 exf4 31. gxf4 Rf6 32.
Rg1 b5 33. Ne4 Rf7 34. c5 dxc5 35. Re1 Kf8 36. Nxc5 Rb6 37. Ne6+ Kg8 38. Ng5
Rd7 39. Re2 Rbd6 40. Ne4 Rd3+ 41. Kg4 Rg7+ 42. Ng5 Rgd7 43. Ne4 Rg7+ 44. Ng5
Rgd7 45. f5 Kg7 46. Ne4 Kh6 47. Rc2 Rg7+ 48. Kf4 Rd8 49. Rc6+ Kh5 50. Ng3+ Rxg3
51. hxg3 Rd4+ 52. Kf3 Rd3+ {(=)} 53. Kf4 Rd4+ 54. Ke3 Rd1 55. Rc8 Kg4 56. Rg8+
Kxf5 57. g4+ Kf6 58. Rh8 Rh1 59. Kf4 Rh2 60. a3 Rf2+ 61. Kg3 Rxb2 62. Kxh3 Rb3+
63. Kh4 Rxa3 64. Rh6+ Kg7 65. Rb6 Ra5 66. g5 Kf7 67. Kh5 Ra1 68. Rb7+ Ke6 69.
Kg6 Kd5 70. Kf6 Kc6 71. Rb8 Rf1+ 72. Ke5 Re1+ 73. Kf6 Rf1+ 74. Ke5 Re1+ 75. Kf6
{Zumindest derart hat sich die Partie wohl zugetragen.} 1/2-1/2

[Event "Niedersachsen-ch B"]
[Site "Verden"]
[Date "2010.01.05"]
[Round "5.30"]
[White "Schaar, Andreas"]
[Black "Grigorian, Spartak"]
[Result "1-0"]
[WhiteElo "1993"]
[BlackElo "1762"]
[PlyCount "89"]
[EventDate "2010.01.??"]
[EventType "swiss"]
[EventRounds "7"]
[EventCountry "GER"]
[SourceDate "2005.10.24"]

1. d4 Nf6 2. Nf3 c5 3. c3 g6 4. Bg5 Bg7 5. Nbd2 cxd4 6. cxd4 d5 7. e3 O-O 8.
Bd3 Nc6 9. a3 Bg4 10. h3 Bd7 11. b4 a6 12. O-O Ne8 13. Qb3 Nc7 14. Rac1 Be6 15.
a4 a5 16. b5 Nb4 17. Bf4 Rc8 18. Bb1 f6 19. Rc3 Qd7 20. Rfc1 Na8 21. Ne1 Bf7
22. Nd3 Nxd3 23. Bxd3 Nb6 24. Rc5 e5 25. Bg3 Rfe8 26. Qa3 Bf8 27. Nb3 Nc4 28.
Qa1 Bxc5 29. dxc5 Red8 30. e4 Nd6 31. Nxa5 Nxe4 32. Bxe4 dxe4 33. c6 bxc6 34.
Nxc6 Qc7 35. b6 Qb7 36. Nxd8 Rxd8 37. a5 e3 38. fxe3 Qe4 39. Qb2 Rb8 40. a6 Bd5
41. b7 Qxe3+ 42. Bf2 Qg5 43. Rc8+ Kg7 44. Be1 Qe3+ 45. Qf2 1-0

[Event "Niedersachsen-ch B"]
[Site "Verden"]
[Date "2010.01.05"]
[Round "5.31"]
[White "Rethmann, Kristin"]
[Black "Ehlert, Horst"]
[Result "0-1"]
[WhiteElo "1784"]
[BlackElo "2083"]
[PlyCount "66"]
[EventDate "2010.01.??"]
[EventType "swiss"]
[EventRounds "7"]
[EventCountry "GER"]
[SourceDate "2005.10.24"]

1. e4 c5 2. c4 Nc6 3. Nc3 g6 4. g3 Bg7 5. Bg2 e6 6. Nge2 Nge7 7. d3 O-O 8. O-O
d6 9. f4 a6 10. a4 Rb8 11. h3 Bd7 12. Kh2 Qc7 13. Kh1 Nd4 14. Nxd4 cxd4 15. Ne2
b5 16. axb5 axb5 17. b3 bxc4 18. bxc4 f5 19. Ba3 Rfe8 20. Qd2 Bc6 21. Rac1 Rb3
22. Bb2 e5 23. Ba1 Qb7 24. Qc2 fxe4 25. Ng1 exd3 26. Qd2 Bxg2+ 27. Qxg2 Qxg2+
28. Kxg2 e4 29. Rcd1 Nf5 30. Rb1 Reb8 31. Rxb3 Rxb3 32. Re1 d2 33. Rd1 Ne3+ 0-1

[Event "Niedersachsen-ch B"]
[Site "Verden"]
[Date "2010.01.05"]
[Round "5.32"]
[White "Roemer, Helmut"]
[Black "Bart, Simon"]
[Result "0-1"]
[WhiteElo "1672"]
[BlackElo "1982"]
[PlyCount "84"]
[EventDate "2010.01.??"]
[EventType "swiss"]
[EventRounds "7"]
[EventCountry "GER"]
[SourceDate "2005.10.24"]

1. d4 Nf6 2. c4 g6 3. Nc3 Bg7 4. e4 d6 5. Nf3 O-O 6. Be2 e5 7. d5 Nbd7 8. Bg5
h6 9. Bxf6 Nxf6 10. O-O Nh5 11. Nd2 Nf4 12. Bf3 Qg5 13. Kh1 h5 14. Qe1 Bh6 15.
Qe3 Kh7 16. Rad1 Qf6 17. Qe1 h4 18. Rb1 Rh8 19. Qd1 Nxg2 20. Bxg2 Bxd2 21. Qf3
Bf4 22. Bh3 Kg7 23. Bxc8 Raxc8 24. h3 Bd2 25. Qxf6+ Kxf6 26. Ne2 g5 27. Rbd1
Bf4 28. Rg1 Rhg8 29. Rg4 Ke7 30. Nxf4 exf4 31. f3 f5 32. exf5 Kf6 33. Re1 Rce8
34. Rgg1 Kxf5 35. Kg2 Re3 36. Kf2 Rge8 37. Rxe3 Rxe3 38. Re1 Rxe1 39. Kxe1 Ke5
40. Ke2 Kd4 41. b3 Kc3 42. Kf2 Kd2 0-1

[Event "Niedersachsen-ch B"]
[Site "Verden"]
[Date "2010.01.05"]
[Round "5.34"]
[White "Wierum, Colin"]
[Black "Roehl, Bernd"]
[Result "1-0"]
[WhiteElo "1934"]
[BlackElo "1718"]
[PlyCount "31"]
[EventDate "2010.01.??"]
[EventType "swiss"]
[EventRounds "7"]
[EventCountry "GER"]
[SourceDate "2005.10.24"]

1. e4 e5 2. Nf3 Nc6 3. Bc4 Nf6 4. Ng5 d5 5. exd5 Na5 6. Bb5+ c6 7. dxc6 bxc6 8.
Qf3 Qb6 9. Ba4 Bg4 10. Qg3 Bd6 11. Nc3 Bf5 12. d3 Rd8 13. Nge4 Bxe4 14. dxe4
Qa6 15. Qxg7 Rg8 16. Qxf6 1-0

[Event "Niedersachsen-ch B"]
[Site "Verden"]
[Date "2010.01.05"]
[Round "5.35"]
[White "Bach, Jannik"]
[Black "Wolf, Fritjof"]
[Result "0-1"]
[WhiteElo "1673"]
[BlackElo "1909"]
[PlyCount "82"]
[EventDate "2010.01.??"]
[EventType "swiss"]
[EventRounds "7"]
[EventCountry "GER"]
[SourceDate "2005.10.24"]

1. e4 c6 2. d4 d5 3. e5 Bf5 4. Ne2 e6 5. Ng3 Bg6 6. h4 h6 7. h5 Bh7 8. Bd3 Bxd3
9. Qxd3 c5 10. c3 Ne7 11. Be3 cxd4 12. cxd4 Nec6 13. Nc3 a6 14. O-O Bb4 15. f4
O-O 16. f5 Nd7 17. Nce2 Rc8 18. Rf2 Ba5 19. Raf1 Nb4 20. Qd1 Nc2 21. Qd3 Nxe3
22. Qxe3 Rc2 23. Qf3 Qg5 24. Qb3 Rc7 25. Qd3 Bb6 26. fxe6 fxe6 27. Rxf8+ Nxf8
28. Qf3 Qe7 29. Qb3 Ba7 30. Qd3 Nd7 31. Qe3 Rc8 32. Nf4 Qg5 33. Re1 Re8 34. Nf1
Nxe5 35. Qg3 Bxd4+ 36. Kh1 Qxg3 37. Nxg3 Bf2 38. Rxe5 Bxg3 39. Rxe6 Rf8 40. Ne2
Rf1+ 41. Ng1 Bf2 0-1

[Event "Niedersachsen-ch B"]
[Site "Verden"]
[Date "2010.01.05"]
[Round "5.36"]
[White "Kimmich, Bernd"]
[Black "Suendorf, Dominik"]
[Result "1/2-1/2"]
[WhiteElo "1928"]
[BlackElo "1752"]
[PlyCount "177"]
[EventDate "2010.01.??"]
[EventType "swiss"]
[EventRounds "7"]
[EventCountry "GER"]
[SourceDate "2005.10.24"]

1. d4 d5 2. c4 e6 3. Nf3 Nf6 4. Nc3 Be7 5. e3 O-O 6. Qc2 b6 7. cxd5 exd5 8. Bd3
c5 9. b3 Bb7 10. O-O Nbd7 11. Ba3 Re8 12. Rac1 Rc8 13. dxc5 Nxc5 14. Bf5 Ncd7
15. Bxe7 Qxe7 16. Qb2 Ne4 17. Nxe4 dxe4 18. Nd4 Rc5 19. b4 Rxc1 20. Rxc1 Ne5
21. Qb1 Nd3 22. Rc4 Bd5 23. Rc8 Rxc8 24. Bxc8 Qxb4 25. Qxb4 Nxb4 26. a3 Nd3 27.
Ba6 Nc5 28. Bb5 a6 29. Be2 g6 30. Kf1 Kf8 31. Ke1 Ke7 32. Kd2 Kd6 33. h4 b5 34.
Kc3 Ne6 35. Nxe6 Bxe6 36. Kb4 Kc6 37. Ka5 Bc8 38. g4 Kc5 39. g5 Kc6 40. Bd1 Kb7
41. f3 Kc6 42. fxe4 Kd6 43. Bb3 Ke7 44. e5 Kf8 45. Kb6 Kg7 46. Kc7 Bf5 47. Kb7
a5 48. Kb6 a4 49. Bd5 Bd7 50. Kc5 Kf8 51. Be4 Ke7 52. Bd3 b4 53. Kxb4 Ke6 54.
Bb5 Bc8 55. Bxa4 Kxe5 56. Bc6 f6 57. gxf6 Kxf6 58. a4 g5 59. hxg5+ Kxg5 60. a5
h5 61. Kc3 h4 62. Kd2 Kf5 63. Ke2 Ke5 64. Kf2 Kd6 65. Bb5 Kc5 66. Be2 Kd5 67.
Kf3 h3 68. Bf1 h2 69. Bg2 Kc5 70. Kg3 Kb5 71. Kxh2 Kxa5 72. Kg3 Kb6 73. Kf4 Kc7
74. Ke5 Kd8 75. Bd5 Ke7 76. e4 Bh3 77. Kd4 Bd7 78. Kc5 Bh3 79. e5 Bg4 80. Kd4
Bh3 81. Ke3 Bc8 82. Kf4 Bh3 83. Be4 Bc8 84. Kg5 Ba6 85. Bc2 Bc4 86. Bd1 Bd3 87.
Bb3 Bb5 88. Kf5 Bd3+ 89. Kf4 1/2-1/2

[Event "Niedersachsen-ch B"]
[Site "Verden"]
[Date "2010.01.05"]
[Round "5.37"]
[White "Hartogh, Tim"]
[Black "Rose, Shawn"]
[Result "0-1"]
[WhiteElo "1862"]
[BlackElo "1650"]
[PlyCount "88"]
[EventDate "2010.01.??"]
[EventType "swiss"]
[EventRounds "7"]
[EventCountry "GER"]
[SourceDate "2005.10.24"]

1. d4 g6 2. Nf3 Bg7 3. g3 c6 4. Bg2 d5 5. O-O Nf6 6. e3 Bg4 7. h3 Bd7 8. c4 Qc8
9. Kh2 h5 10. Ne5 Be6 11. f4 Nbd7 12. Nd2 Qc7 13. c5 Nh7 14. b4 Nxe5 15. fxe5
h4 16. g4 Bxe5+ 17. dxe5 Qxe5+ 18. Kh1 Qxa1 19. Qb3 Qg7 20. Bb2 f6 21. b5 O-O
22. bxc6 bxc6 23. Qa4 Rfc8 24. Nf3 g5 25. Nd4 Qf7 26. Qc2 Bd7 27. e4 e5 28. Nf3
Qg6 29. Qd1 d4 30. Nd2 Rab8 31. Qc1 Be6 32. Bf3 Rb7 33. Be2 Rcb8 34. Ba3 Bxa2
35. Bc4+ Bxc4 36. Qxc4+ Qf7 37. Qxf7+ Kxf7 38. Nc4 Kg6 39. Na5 Rc7 40. Kg2 Rb5
41. Nc4 Nf8 42. Nd6 Rb3 43. Ne8 Rf7 44. Bc1 Nd7 0-1

[Event "Niedersachsen-ch B"]
[Site "Verden"]
[Date "2010.01.05"]
[Round "5.38"]
[White "Schumacher, Klaus"]
[Black "Modder, Frank"]
[Result "1-0"]
[WhiteElo "1884"]
[BlackElo "1924"]
[PlyCount "47"]
[EventDate "2010.01.??"]
[EventType "swiss"]
[EventRounds "7"]
[EventCountry "GER"]
[SourceDate "2005.10.24"]

1. c4 c6 2. d4 d5 3. cxd5 cxd5 4. Nc3 Nc6 5. Nf3 Nf6 6. Bg5 e6 7. e3 Be7 8. a3
O-O 9. Bd3 h6 10. Bh4 Bd7 11. O-O Rc8 12. Bg3 Nh5 13. Rc1 Nxg3 14. hxg3 Bf6 15.
Qe2 Na5 16. Rc2 a6 17. e4 Re8 18. exd5 exd5 19. Ne5 Bc6 20. Qh5 Nb3 21. Qxf7+
Kh8 22. Ng6+ Kh7 23. Ne7+ Kh8 24. Qg6 1-0

[Event "Niedersachsen-ch B"]
[Site "Verden"]
[Date "2010.01.05"]
[Round "5.39"]
[White "Koch, Carsten"]
[Black "Brehm, Stefan"]
[Result "0-1"]
[WhiteElo "1837"]
[BlackElo "1640"]
[PlyCount "92"]
[EventDate "2010.01.??"]
[EventType "swiss"]
[EventRounds "7"]
[EventCountry "GER"]
[SourceDate "2005.10.24"]

1. d4 Nf6 2. c4 c5 3. Nf3 cxd4 4. Nxd4 d6 5. g3 g6 6. Bg2 Bg7 7. Nc3 O-O 8. O-O
Nbd7 9. e4 a6 10. b3 Rb8 11. Bb2 Nc5 12. h3 Ne6 13. Nce2 Ng5 14. Kh2 Ngxe4 15.
Qc2 Nc5 16. Rad1 Qc7 17. Nc3 Ne6 18. Nxe6 Bxe6 19. Qe2 Rfe8 20. Rfe1 Bd7 21.
Nd5 Nxd5 22. cxd5 Bb5 23. Qd2 Bxb2 24. Qxb2 Qb6 25. Rc1 Qa5 26. Re3 Ra8 27. a3
Bd7 28. Rce1 Qd8 29. Qd4 Rc8 30. g4 Rc2 31. Kg3 b5 32. h4 e6 33. dxe6 Rxe6 34.
Rxe6 Bxe6 35. Re3 a5 36. b4 Rc4 37. Qa7 Rxg4+ 38. Kh2 Qxh4+ 39. Kg1 Qg5 40. Rg3
Rxg3 41. fxg3 Qxg3 42. Qb8+ Kg7 43. Qxb5 Bh3 44. Qd5 Qxg2+ 45. Qxg2 Bxg2 46.
Kxg2 Kf8 0-1

[Event "Niedersachsen-ch B"]
[Site "Verden"]
[Date "2010.01.05"]
[Round "5.40"]
[White "Eickelkamp, Jan Hendrik"]
[Black "Schneider, Waldemar"]
[Result "0-1"]
[WhiteElo "1928"]
[BlackElo "1602"]
[PlyCount "84"]
[EventDate "2010.01.??"]
[EventType "swiss"]
[EventRounds "7"]
[EventCountry "GER"]
[SourceDate "2005.10.24"]

1. e4 d5 2. exd5 Qxd5 3. Nc3 Qd6 4. d4 Nf6 5. Bc4 a6 6. Nge2 Qc6 7. Bb3 Qxg2 8.
Rg1 Qxh2 9. Bf4 Qh5 10. Qd3 c6 11. O-O-O Qa5 12. Rg5 Qd8 13. d5 c5 14. d6 Nbd7
15. Nd5 Nxd5 16. Bxd5 e6 17. Nc3 Bxd6 18. Qg3 Bxf4+ 19. Qxf4 Qf6 20. Qe3 Qh6
21. Ne4 O-O 22. Bb3 b5 23. a4 c4 24. Ba2 Bb7 25. Nd6 Bd5 26. Rdg1 Kh8 27. Rxg7
Qxe3+ 28. fxe3 Ne5 29. e4 Bc6 30. R7g3 Rg8 31. Rxg8+ Rxg8 32. Rf1 Kg7 33. b3 c3
34. axb5 axb5 35. Kb1 b4 36. Rd1 h5 37. Rd4 Kh6 38. Ka1 h4 39. Rxb4 h3 40. Nc4
h2 41. Nxe5 h1=Q+ 42. Bb1 Rg1 0-1

[Event "Niedersachsen-ch B"]
[Site "Verden"]
[Date "2010.01.05"]
[Round "5.41"]
[White "Vonhoff, Joerg"]
[Black "Woellermann, Ludger"]
[Result "0-1"]
[WhiteElo "1711"]
[BlackElo "1820"]
[PlyCount "56"]
[EventDate "2010.01.??"]
[EventType "swiss"]
[EventRounds "7"]
[EventCountry "GER"]
[SourceDate "2005.10.24"]

1. e4 c5 2. Nf3 Nc6 3. d4 cxd4 4. Nxd4 g6 5. Be3 Bg7 6. Be2 Nf6 7. Nc3 O-O 8.
Qd2 d5 9. Nxc6 bxc6 10. exd5 cxd5 11. Bh6 Rb8 12. Bxg7 Kxg7 13. b3 Qa5 14. Ne4
Qxd2+ 15. Nxd2 Bf5 16. c4 Rfd8 17. O-O-O a5 18. Kb2 a4 19. f3 axb3 20. axb3 Rd7
21. Ra1 Be6 22. c5 Rc7 23. Rhc1 Nd7 24. Ra5 Ne5 25. Ka3 Nc6 26. Ra4 Bd7 27. b4
Nd4 28. Bd3 Bxa4 0-1

[Event "Niedersachsen-ch B"]
[Site "Verden"]
[Date "2010.01.05"]
[Round "5.42"]
[White "Sablotny, Juergen"]
[Black "Pundt, Wilfried"]
[Result "0-1"]
[WhiteElo "1833"]
[BlackElo "1934"]
[PlyCount "82"]
[EventDate "2010.01.??"]
[EventType "swiss"]
[EventRounds "7"]
[EventCountry "GER"]
[SourceDate "2005.10.24"]

1. Nf3 d5 2. g3 Nd7 3. b3 e5 4. d3 Ngf6 5. Nbd2 Bd6 6. Bb2 Qe7 7. a3 Nf8 8. c4
c6 9. Qc2 Ng6 10. Bg2 Bd7 11. h3 O-O 12. e3 Rad8 13. d4 e4 14. Nh2 Nh5 15. Ndf1
b6 16. g4 Nhf4 17. exf4 Nxf4 18. Ne3 Nd3+ 19. Ke2 f5 20. cxd5 Nxb2 21. Qxb2 f4
22. dxc6 Bxc6 23. Nf5 f3+ 24. Ke1 Rxf5 25. Bf1 Rff8 26. Bc4+ Kh8 27. Nf1 b5 28.
d5 bxc4 29. dxc6 Bb4+ 30. axb4 Qxb4+ 31. Nd2 c3 32. Qa3 Qxa3 33. Rxa3 Rxd2 34.
b4 Rb2 35. Rxc3 Rb1+ 36. Kd2 Rxh1 37. c7 Rc8 38. Ke3 Re1+ 39. Kd4 Rd1+ 40. Kxe4
Rd7 41. Rxf3 Rdxc7 0-1